| 000 | 02231pam a2200445 i 4500 | ||
|---|---|---|---|
| 001 | 2024049569 | ||
| 003 | DLC | ||
| 005 | 20250613124402.0 | ||
| 008 | 241101r20252023nyu 000 1 eng | ||
| 010 | _a 2024049569 | ||
| 020 |
_a9798217047352 _q(hardcover) |
||
| 020 |
_z9798217047376 _q(ebook) |
||
| 035 | _a(OCoLC)1457079647 | ||
| 040 |
_aDLC _beng _erda _cDLC _dTnLvILS |
||
| 042 | _apcc | ||
| 043 | _ae-ut--- | ||
| 050 | 0 | 0 |
_aPR9619.3.W625 _bS76 2025 |
| 082 | 0 | 0 |
_a823/.914 _223/eng/20241105 |
| 092 |
_afiction _bWood, Charlotte |
||
| 100 | 1 |
_aWood, Charlotte, _d1965- _eauthor. _96542525 |
|
| 245 | 1 | 0 |
_aStone yard devotional / _cCharlotte Wood. |
| 250 | _aFirst United States edition. | ||
| 264 | 1 |
_aNew York : _bRiverhead Books, _c2025. |
|
| 264 | 4 | _c2023 | |
| 300 |
_a295 pages ; _c24 cm |
||
| 336 | _atext | ||
| 337 | _aunmediated | ||
| 338 | _avolume | ||
| 500 | _aFirst published: Australia : Allen & Unwin Book Publishers, 2023. | ||
| 500 | _a"Shortlisted for the 2024 Booker Prize"--Dust jacket flap. | ||
| 520 | _a"Burnt out and in need of retreat, a middle-aged woman leaves Sydney to return to the place she grew up, taking refuge in a small religious community hidden away on the stark plains of rural Australia. She doesn't believe in God, or know what prayer is, and finds herself living this strange, reclusive existence almost by accident. But disquiet interrupts this secluded life with three visitations. First comes a terrible mouse plague, each day signaling a new battle against the rising infestation. Second is the return of the skeletal remains of a sister who disappeared decades before, presumed murdered. And finally, a troubling visitor plunges the narrator further back into her past"-- | ||
| 650 | 0 |
_aMiddle-aged women _vFiction. _95674258 |
|
| 650 | 0 |
_aRecluses _vFiction. _95701121 |
|
| 650 | 0 |
_aMissing persons _vFiction. |
|
| 650 | 0 |
_aLife change events _vFiction. _95674438 |
|
| 651 | 0 |
_aAustralia _vFiction. _95682346 |
|
| 655 | 7 |
_aNovels. _2lcgft |
|
| 776 | 0 | 8 |
_iOnline version: _aWood, Charlotte, 1965- _tStone yard devotional _dNew York : Riverhead Books, 2025 _z9798217047376 _w(DLC) 2024049570 |
| 942 |
_2ddc _cBOOK |
||
| 999 |
_c406602 _d406602 |
||